000 00570nam a2200193Ia 4500
003 IN-BaIIA
008 211028s9999 xx 000 0 eng d
040 _cIIA Library
080 _a083.7:621-725.3
_bISI
110 _aIndian Standards Institution
245 0 _aIndian standard specification for lubricating plugs
_cIndian Standards Institution
260 _aNew Delhi
_bIndian Standards Institution
_c1969
300 _a7p.
500 _aIS 5019 : 1968
650 _aLubricating Plugs
_99162
650 _aNASA Thesaurus
650 _aStandards
_98876
942 _cBK
999 _c5174
_d5174